000 01273nam a2200325 i 4500
003 EG-GICUC
005 20260325192934.0
008 260325s2007 ua ||||fr|||| 00| 0 ara d
017 _a2006/51536
040 _a EG-GICUC
_bara
_c EG-GICUC
_d EG-GICUC
_erda
041 0 _aara
082 0 4 _221
_a345.8223
_bع ب . ا
092 0 4 _221
099 _aLaw1 07 345.8223 ع ب . ا 2007
100 0 _aعبد العزيز عبد المنعم خليفة
_eمؤلف.
245 1 2 _aالدفوع الإدارية :
_bفي دعوى الإلغاء والدعاوى التأديبية والمستعجلة /
_cدكتور عبد العزيز عبد المنعم خليفة.
264 1 _aالاسكندرية :
_bمنشأة المعارف،
_c2007.
300 _a432 ؛ صفحة
_c24 سم.
336 _2rda content
_atext
337 _2rda media
_aComputer
338 _2rda carrier
_aOnline Resource
504 _a.417-419ببليوجرافيا: صفحات
504 _aيشتمل على إرجاعات ببليوجرافية
546 _aالنص باللغة العربية
650 1 4 _aدعوي الالغاء
650 1 4 _aالقانون الإداري
856 4 0 _uhttps://fll.law.cu.edu.eg/fulltext/bks/B07-03650.pdf
905 _a77
942 _2ddc
_cBK
_e21
_n0
999 _c66886
_d66886